| 000 | 00534nam a2200181 a 4500 | ||
|---|---|---|---|
| 001 | 0354 | ||
| 005 | 20140414132026.0 | ||
| 008 | 040910s19uu xx 00 eng d | ||
| 020 | _a1-86515-154-8 | ||
| 050 |
_aTR _bG75 2000 |
||
| 100 | _aHarker, Jill | ||
| 245 |
_aGrandma's: fun at my sticker book : _b(with 60 reusable stickers) / _cwriter Jill Harker ; illustrator Jane Swift. |
||
| 260 |
_aAustralia : _bRedwood, _c2000. |
||
| 300 | _a1 v.p. : ill. ; cm. | ||
| 650 | _aChildren stories. | ||
| 999 |
_c113547 _d113547 |
||